| 000 | 00337nam a22001457a 4500 | ||
|---|---|---|---|
| 003 | SGT | ||
| 082 |
_a615 _bL23E |
||
| 100 | _aEATHER PRESS | ||
| 245 | _aLOAK AARADHANA KI ABHIVYAKTI | ||
| 260 |
_aLAKHNOW _bEATHER PRESS _c2023 |
||
| 300 | _a342,234,270 | ||
| 650 | _aAYURVEDA | ||
| 653 | _aLOAK, AARADHANA , ABHIVYAKTI | ||
| 942 |
_2ddc _cBK |
||
| 999 |
_c32093 _d32093 |
||